000 00429nam a2200181Ia 4500
001 19647
005 20260306172708.0
008 260306t2008||||xx |||||||||||||| ||spa||
041 _aESP
082 _a340.1
_bG26
100 _aGarrido, Eugenio (Coord.)
_eAUT
245 0 _aPsicología jurídica
260 _c2008
300 _axlx, 664 páginas :
_c24 cm.
650 _aGEN
654 _aCDE
942 _cLIB
_dJUS
_fJUS
_2ddc
_n
999 _c19647
_d19647